| 000 | 00718nab a2200169 4500 | ||
|---|---|---|---|
| 003 | ES-SlBCS | ||
| 005 | 20220907161510.0 | ||
| 008 | 140130s2013 sp ||||| |||| 00| 0 spa d | ||
| 040 |
_aES-SlBCS _bspa |
||
| 100 | 1 |
_aVicens, Joan Albert _9124023 |
|
| 245 | 1 | 0 |
_aIntimidad y alteridad en los actos de aprehensión en Malebranche _cJoan Albert Vicens |
| 246 | 1 | 1 | _aCloseness and Detachment in Apprehensive Acts according to Malebranche |
| 600 | 1 | 0 |
_aMalebranche, Nicolas de _d, 1638-1715 _xCrítica e interpretación _9124024 |
| 600 | 0 |
_aHusserl, Edmund _d, 1859-1938 _xCrítica e interpretación _9120926 |
|
| 773 | 0 |
_gNº 40, 2013, págs. 119-133 _tCuadernos Salmantinos de Filosofía _wRev159 _x0210-4857 |
|
| 942 |
_2lcc _cAR |
||
| 999 |
_c497405 _d497405 |
||